00850nam a2200193 a 450000500170000000800410001702000180005805000270007624501400010325000120024326000450025530000200030050000400032065000480036065000790040865000240048799900190051195201260053020140412111311.0010329s19uu xx 00 eng d a0-87322-782-4 aTR(GS 372.86bL63 1997 aPhysical education unit plans for grades 1-2 :blearning experiences in games, gymnastics, and dance /cBette J. Logsdon . . . [et.al]. a2nd Ed. aChampaign. Ill :bHuman Kinetics,c1997. avii p. ; 162 p. aIncludes bibliographical references aPhysical education for children - Curricula aPhysical education and training - study and teaching (Primary) - curricula aCurriculum planning c103982d103982 001040aELbELcTRd2001-03-29eLib. Fundg1550.00l0oTR(GS 372.86 L63 1997pE6207r2014-04-12 00:00:00w2014-04-12yBK